Score 0/20 Timer 07:00
3 Plays Today
% Correct
The Evil Queen (Snow White and the Seven Dwarfs)
94.2%
Nurse Ratched (One Flew Over the Cuckoo's Nest)
90.6%
René Belloq (Raiders of the Lost Ark)
87.7%
Regina George (Mean Girls)
87.4%
Freddy Krueger (A Nightmare on Elm Street)
86%
T-800 (The Terminator)
85.2%
Coach Walters (21 Jump Street)
80.3%
Jafar (Aladdin)
79.2%
Dean Vernon Wormer (Animal House)
78.4%
Kylo Ren (Star Wars: Episode VII - The Force Awakens)
77.5%
% Correct
Dr. Octopus (Spider-Man 2)
73.7%
Hans Landa (Inglourious Basterds)
72.9%
Anton Chigurh (No Country for Old Men)
72.1%
Gozer the Destroyer (Ghostbusters)
71.6%
Ultron (Avengers: Age of Ultron)
70.8%
John Doe (Se7en)
64.3%
The Riddler (Batman Forever)
62.7%
Max Cady (Cape Fear)
56.9%
General Hummel (The Rock)
56.5%
Reverend Harry Powell (The Night of the Hunter)
52%
Remove Ads.
Support Sporcle.
Get the best of Sporcle when you Go Orange. This ad-free experience offers more features, more stats, and more fun while also helping to support Sporcle. Thank you for becoming a member.

You're not logged in!

Compare scores with friends on all Sporcle quizzes.
OR
Log In

Show Comments

Extras

Top Quizzes Today


Score Distribution

Your Account Isn't Verified!

In order to create a playlist on Sporcle, you need to verify the email address you used during registration. Go to your Sporcle Settings to finish the process.

Report this User

Report this user for behavior that violates our Community Guidelines.

Details: